LEADER 01136nam a2200277 i 4500 001 000000245268 003 CaOOAMICUS 005 20240515093809.0 008 151001s1960 it u000 u ita u 040 $aSeMil$bita 100 1 $aMaritain, Jacques,$d<1882-1973>.$0(OLS)http://semarc/name/1393 240 10$aReflections on America.$0(OLS)http://semarc/title/346988 245 10$aRiflessioni sull'America /$cJacques Maritain. 264 1$aBrescia :$bMorcelliana,$c1960. 300 $a151 p. ;$c19 cm. 541 0 $aFondo card. Giovanni Colombo (3GC II 389) 650 4$aStati Uniti d'America - Cultura.$0(OLS)http://semarc/subject/27148 850 $aSeMil 852 $aSeMil$W1$xVenegono$y1$m3GC II 389$j195614$B195614$CSeMilBibl$Z2$F206292 $8B 852 $aSeMil$W1$xVenegono$y1$m3M I 329$j247995$B115106$CSeMilBibl$Z2$F125958 $81 941 1 $a3 961 $aRecupero: Altro 961 $aLascito: Colombo Card. Giovanni 996 $6245$aRiflessioni sull'America$9(OLS)http://semarc/title/233721 996 $6264$aBrescia :$bMorcelliana$9(OLS)http://semarc/publisher/29629 LEADER 00891nab a2200169 i 4500 001 000000278004 003 CaOOAMICUS 005 20121019000000.0 008 121019n xx uu u0 0und r 013 $a28673 020 $a978-1-4462-6693-9 040 $aSeMil$bita 245 10$aChristian Military Chaplaincy ; "Being there" ; "I came that they may have life, and have it abundantly" (John 10:10) :$bAn Ecological Reading of John's Gospel. - Titoli dalla copertina. 500 $aNOVEMBER 2012. 773 0 $t[October 2012-September 2013].$dLondon : SAGE Publications, copyr. 2012-2013.$w()216451 996 $6020$a978-1-4462-6693-9$9(OLS)http://semarc/number/267758 996 $6245$aChristian Military Chaplaincy ; "Being there" ; "I came that they may have life, and have it abundantly" (John 10:10) :$bAn Ecological Reading of John's Gospel. - Titoli dalla copertina.$9(OLS)http://semarc/title/362525